Wszystkie przystanki linii autobusowej 428 (Pasym-Korpele) - Statystyki

Ogólne statystyki
  • Ten quiz został rozwiązany 5 razy
  • Średni wynik to 14 z 21
Statystyki odpowiedzi
Przystanek % Poprawnych
Brajniki
100%
Burdąg (wieś)
100%
Jedwabno (szkoła)
100%
Korpele
100%
Małszewo
100%
Nowy Dwór
100%
Pasym (Dybowo)
100%
Pasym (rynek)
100%
Pasym (Ul.Dworcowa)
100%
Pasym (Ul.Jana Pawła II)
100%
Pasym (Ul.Olsztyńska, PKP)
100%
Narajty (wieś)
50%
Narty
50%
Narty (parking)
50%
Sawica
50%
Waplewo (wieś)
50%
Witowo (karczma)
50%
Dzierzki
0%
Kolonia Burdąg (południe)
0%
Kolonia Narajty
0%
Warchały (kąpielisko)
0%
Nie znaleziono quizów pasujących do podanych kryteriów
Rozkład punktacji
Procent ludzi z każdym wynikiem
Percentyl według liczby udzielonych odpowiedzi
Twoja historia wyników
Nie rozwiązałeś tego quizu